Los Angeles Clippers 2024-2025 Roster - Statistics

General Stats
  • This quiz has been taken 68 times
    34 since last reset
  • The average score is 11 of 17
Answer Stats
Jersey # Answer % Correct
1 James Harden
100%
2 Kawhi Leonard
100%
40 Ivica Zubac
93%
24 Norman Powell
85%
55 Derrick Jones Jr
81%
23 Kai Jones
74%
7 Amir Coffey
70%
8 Kris Dunn
70%
33 Nicolas Batum
63%
21 Kobe Brown
56%
13 Bogdan Bogdanovic
52%
15 Drew Eubanks
52%
88 Patty Mills
48%
77 Kevin Porter Jr
44%
11 Jordan Miller
41%
12 Cam Christie
33%
9 Trentyn Flowers
22%
No matching quizzes found
Score Distribution
Percent of People with Each Score
Percentile by Number Answered
Your Score History
You have not taken this quiz since the last reset